000 00717nam a2200229Ia 4500
003 GCL
008 140319s9999 xx 000 0 ara d
040 _aGCL /
_cGCL
082 0 4 _a658.306
_bط م
100 1 _aطلعت حرب محفوظ محمد
245 1 0 _aمبدآ المساواة فى الوظيفة العامة /
_cطلعت حرب محفوظ محمد
260 _a[S.N] :
_bالهيئة المصرية العامة للكتاب ،
_c1989
300 _a446 ص
490 _a
650 0 4 _aمصر
650 0 4 _aالاشتراكية
650 0 4 _aالقانون الادارى
650 0 4 _aالوظائف
650 0 4 _aالموظفون
650 0 4 _aتحليل الوظائف
942 _2ddc
_cBK
999 _c30003
_d30003